000 00554nam a2200181Ia 4500
003 GCL
008 140319s9999 xx 000 0 ara d
040 _aGCL /
_cGCL
082 0 4 _a962.43
_bم ا
100 1 _aمحمد حسنين مخلوف
245 1 0 _aاسبوعان مع على ماهر فى السودان /
_cمحمد حسنين مخلوف
300 _a314 ص
490 _a
650 0 4 _aالسياسيون المصريون
650 0 4 _aعلى ماهر
650 0 4 _aالسودان - تاريخ - الحكم المصرى
942 _2ddc
_cBK
999 _c45858
_d45858